හස් එබූ කහාපන (Record no. 114188)
[ view plain ]
| 000 -LEADER | |
|---|---|
| fixed length control field | 00588nam a2200217Ia 4500 |
| 003 - CONTROL NUMBER IDENTIFIER | |
| control field | LK-CoDNM |
| 008 - FIXED-LENGTH DATA ELEMENTS--GENERAL INFORMATION | |
| fixed length control field | 010623t1988 xxu||||| |||| 00| 1 sin d |
| 040 ## - CATALOGING SOURCE | |
| Original cataloging agency | LK-CoDNM |
| Modifying agency | LK-CoDNM |
| Description conventions | LK-CoDNM |
| 041 ## - LANGUAGE CODE | |
| Language code of text/sound track or separate title | Sinhala; Sinhalese |
| 080 ## - UNIVERSAL DECIMAL CLASSIFICATION NUMBER | |
| Universal Decimal Classification number | (X) 737.1 [1] |
| 942 ## - ADDED ENTRY ELEMENTS (KOHA) | |
| Koha item type | Books |
| 100 ## - MAIN ENTRY--PERSONAL NAME | |
| Personal name | Amarasinghe,Geetha. |
| 700 ## - ADDED ENTRY--PERSONAL NAME | |
| Personal name | Sirisoma,M.H. |
| 245 ## - TITLE STATEMENT | |
| Title | හස් එබූ කහාපන |
| 246 ## - VARYING FORM OF TITLE | |
| Title proper/short title | Has Ebu Kahaapana |
| 260 ## - PUBLICATION, DISTRIBUTION, ETC. (IMPRINT) | |
| Name of publisher, distributor, etc. | Archaeological Department |
| Place of publication, distribution, etc. | Colombo |
| Date of publication, distribution, etc. | [1986] |
| 300 ## - PHYSICAL DESCRIPTION | |
| Other physical details | xi,159p,pl., 30 cm |
| 500 ## - GENERAL NOTE | |
| General note | Anciant Coins of Sri LankaNo.1 |
| 650 ## - SUBJECT ADDED ENTRY--TOPICAL TERM | |
| Topical term or geographic name as entry element | Archaeology |
| 650 ## - SUBJECT ADDED ENTRY--TOPICAL TERM | |
| Topical term or geographic name as entry element | Coins |
| Withdrawn status | Lost status | Damaged status | Not for loan | Collection code | Permanent Location | Current Location | Date acquired | Full call number | Barcode | Koha item type |
|---|---|---|---|---|---|---|---|---|---|---|
| Monographs | Library National Museum Colombo - Sri Lanka | Library National Museum Colombo - Sri Lanka | 2023-08-02 | (X) 737.1 [1] | 132227 | Books |


